000 00288nam a22001217a 4500
008 190305b xxu||||| |||| 00| 0 eng d
041 _aeng
080 _22nd
_a070
100 _a40
101 _aMK
245 _aFundamentals of Effective Speech Communication
_cCapps,R
942 _2udc
_cBK
999 _c54554
_d54554